00668nam a2200181 a 450000500170000000800410001702000180005805000180007610000190009424500460011326000350015952001040019465000160029865000200031465000250033499900190035995201080037820140412111416.0070725s19uu xx 00 eng d a0-439-38220-3 aERbDi61 2003 aMetzger, Steve aDinofours: We love mud! /cSteve Metzger. aNew York :bScholastic,c2003. aDanielle overcome her dislike of getting dirty and joins the other dinofours in playing in the mud. aMud-fiction aschools-fiction acleanliness- fiction c105860d105860 001040aELbELcERd2007-07-25eDonationl0oER Di61 2003pE10822r2014-04-12 00:00:00w2014-04-12yBK